000 00901nam a22002537a 4500
001 4958
003 FISKH
005 20241028145839.0
008 241028b cb ||||| |||| 00| 0 eng d
020 _a9780756546816
040 _aFISKH
_beng
_cFISKH
_dFISKH
050 _aHD6250.U3
082 _a331.3
100 _aBurgan, Michael
245 _aBreaker Boys :
_b How a Photograph Helped End Child Labor /
_cby Michael Burgan
260 _aNorth Mankato :
_bCompass Point Books ;
_c2012 .
300 _a64 pages :
_bcolor illustrations ;
_c27 cm .
490 _aCaptured History
520 _aRecounts photographer Lewis Hines' fight against child labor in the early 1900s and discusses how his work and the work of others revealed truths about the issue to the public.
650 _achild labor
_vnon-fiction
700 _aNeitge, Catherine
_eeditor
942 _2ddc
_cBK
_n0
999 _c4958
_d4958